Stations de la ligne T13 du tramway francilien sur une carte - Statistiques

Statistiques générales
  • Ce quiz a été pris 62 fois
  • Le résultat moyen est 10 sur 12
Réponses sur la Carte
Les réponses sont colorées sur une échelle allant du rouge au vert en fonction du pourcentage des utilisateurs qui les ont devinées à leur premier essai. Vous pouvez retrouver ces pourcentages ci-dessous.
 
Statistiques - réponses
Arrêt % Correct
Saint-Germain-en-Laye - Château
100%
Saint-Nom-la-Bretèche - Forêt de Marly
100%
Mareil-Marly
95%
Saint-Cyr
95%
Bailly
84%
Camp des Loges
84%
Allée Royale - Château de Versailles
81%
Les Portes de Saint-Cyr
81%
Fourqueux - Bel Air
77%
Noisy-le-Roi
77%
L'Étang - Les Sablons
72%
Lisière Pereire
72%
Aucun quiz correspondant
Distribution des résultats
% des personnes avec chaque résultat
Percentile par nombre de réponses
Votre historique - résultats
Vous n’avez pas pris ce quiz